Представление документа в формате RUSMARC

ПолеНазваниеЗначение
  Тип записи k
  Библиографический уровень m
001 Контрольный номер RU/SLIB/B/208743942
005 Дата корректировки 20201206204106.0
010 Индекс ISBN __
a ISBN 985-438-362-8
d Цена 27-00
101 Язык документа __
a Язык текста rus
c Язык оригинала eng
200 Заглавие и сведения об ответственности 1_
a Заглавие Рисуем 50 атлетов
e Сведения, относящиеся к заглавию пер. с англ.
f Первые сведения об ответственности Л. Д. Эймис
b Общее обозначение материала Изоматериал
210 Выходные данные __
a Место издания Минск
c Издательство Попурри
d Дата издания 1999
215 Физическое описание __
a Объем [56] с.
c Иллюстрации/тип воспроизводства ил.
330 Аннотация __
a Аннотация Книга научит поэтапно рисовать человеческую фигуру.
606 Тематические рубрики __
a Основная рубрика Изобразительное искусство и архитектура
606 Тематические рубрики __
a Основная рубрика Виды и жанры графики
610 Ключевые слова __
a Ключевые слова фигуры; рисование; спортсмены; рисование фигуры
686 Индексы других классификаций __
a Классификационный индекс 85.154.7я7
700 Автор _1
a Фамилия Эймис
b Имя Л. Д.
4 Код отношения 070
801 Источник записи _0
a Страна RU
b Организация Муниципальное бюджетное учреждение культуры "Централизованная библиотечная система" г. Сургут (Центральная городская библиотека им. А. С. Пушкина)
g Правила каталогизации КиК/Котельникова
801 Источник записи _1
a Страна RU
b Организация Муниципальное бюджетное учреждение культуры "Централизованная библиотечная система" г. Сургут (Центральная городская библиотека им. А. С. Пушкина)
g Правила каталогизации КиК/Котельникова
852 Данные о местонахождении __
j Шифр хранения 85.154.7я7
c Каталожный индекс 85.15я7
i Авторский знак Э 34
p Инвентарный номер Б/Н
901 Тип документа __
t Тип документа m
903 Характеристики (МАРС) __
a Дата передачи 20030730
969 Тип издания __
a Тип издания пособие
990 Данные о заказе (DOS) __
j Количество экземпляров (DOS) 1
h N записи в КСУ для Б/У (DOS) 200307